| 000 | 00931nam a2200289 4500 | ||
|---|---|---|---|
| 003 | OSt | ||
| 005 | 20260530113902.0 | ||
| 008 | 260421b2004 sp a|||| |||| 00| 0 spa d | ||
| 020 | _a9788425215667 | ||
| 020 | _a 8425215668 | ||
| 040 |
_aICI _bspa _cICI |
||
| 041 | 1 |
_aspa _heng |
|
| 050 | 4 |
_aZ246 _bS35518 |
|
| 100 | 1 |
_aSamara, Timothy, _eautor _932386 |
|
| 240 | 1 | 0 |
_aMaking and breaking the grid. _lEspañol |
| 245 | 1 | 0 |
_aDiseñar con y sin retícula / _cTimothy Samara |
| 264 | 1 |
_aBarcelona : _bGustavo Gili , _c2004 |
|
| 300 |
_a244 páginas : _bilustraciones |
||
| 336 |
_atexto _2rdacontent |
||
| 337 |
_asin medio _2rdamedia |
||
| 338 |
_avolumen _2rdacarrier |
||
| 500 | _aTraducción de: Making and breaking the grid : a graphic design layout workshop | ||
| 650 | 4 |
_aretículas (Diseño tipográfico) _932387 |
|
| 650 | 4 |
_amaquetación _932388 |
|
| 700 |
_aDávila, Mela, _etraductor _932389 |
||
| 942 |
_2lcc _cBK _n1 |
||
| 999 |
_c11812 _d11812 |
||